Dos años en la lucha ideológica : Muñequitos del pueblo /

Uloženo v:
Podrobná bibliografie
Hlavní autor: Sánchez Flores, Roger (autor)
Médium: Kniha
Jazyk:španělština
Vydáno: Managua, Nicaragua : El Amanecer, fecha no identificada
Témata:
Tagy: Přidat tag
Žádné tagy, Buďte první, kdo vytvoří štítek k tomuto záznamu!

MARC

LEADER 00000nam^a2200000^a^4500
001 000022754
005 20250521000000.0
009 20260310084509.512
037 |a Acervo ITESO - Biblioteca 
041 |a ESP 
082 |a 741. 502  |b SAN 
100 |a Sánchez Flores, Roger  |e (autor) 
240 1 1 |a [Muñequitos del pueblo] 
245 1 0 |a Dos años en la lucha ideológica :  |b Muñequitos del pueblo /  |c R. Sánchez Flores. 
264 1 |a Managua, Nicaragua :  |b El Amanecer,  |c fecha no identificada 
300 |a 62 p. 
336 |a texto  |b txt  |2 rdacontenido 
337 |a sin mediación  |b n  |2 rdamedio 
338 |a volumen  |b nc  |2 rdasoporte 
649 |a XX 
650 |a Medios de Comunicación 
650 |a Historietas y Caricaturas de Temas Políticos y Sociales 
650 |a Historietas y Caricaturas Nicaragüenses 
910 |a Fondo General 
920 |a Impresos - Libros 
930 |a Colección General 
905 |a 101 
901 |a 0227540100  |b IT1  |c ACC  |i 022754  |u 20250521 
902 |a https://opac.biblio.iteso.mx/vufind/Record/000022754